Rubber nu idavilayayi naarakavum (Record no. 67841)

MARC details
000 -LEADER
fixed length control field 00257nam a2200109Ia 4500
100 ## - MAIN ENTRY--AUTHOR NAME
Personal name Mathew George
245 #0 - TITLE STATEMENT
Title Rubber nu idavilayayi naarakavum
260 ## - PUBLICATION, DISTRIBUTION, ETC. (IMPRINT)
Name of publisher Rubber
Year of publication 2013
300 ## - PHYSICAL DESCRIPTION
Number of Pages 40-41
942 ## - ADDED ENTRY ELEMENTS (KOHA)
Koha item type Journals
Holdings
Withdrawn status Lost status Damaged status Not for loan Home library Current library Date acquired Serial Enumeration / chronology Koha item type
      Journals RRII Library RRII Library 09/04/2014 Volume 569, Issue Journals